[Event "Parana-chT 55th"]
[Site "Maringa"]
[Date "2012.09.24"]
[Round "2.3"]
[White "Da Silva, Lucas Tacconi"]
[Black "De Sousa, Eduardo Dotorivo"]
[Result "1/2-1/2"]
[WhiteElo "2041"]
[BlackElo "1793"]
[PlyCount "46"]
[EventDate "2012.09.24"]
[EventType "team-swiss"]
[EventRounds "7"]
[EventCountry "BRA"]
[SourceTitle "EXT 2014"]
[Source "ChessBase"]
[SourceDate "2013.11.20"]
[SourceVersion "1"]
[SourceVersionDate "2013.11.20"]
[SourceQuality "1"]
[WhiteTeam "Londrina"]
[BlackTeam "Francisco Beltrao"]
[WhiteTeamCountry "BRA"]
[BlackTeamCountry "BRA"]

1. c4 Nf6 2. Nc3 g6 3. g3 Bg7 4. Bg2 0-0 5. Nf3 c5 6. 0-0 Nc6 7. d3 d6 8. a3 Rb8 9. Rb1 a5 10. Bd2 Bd7 11. Nb5 Ne8 12. b4 axb4 13. axb4 b6 14. bxc5 bxc5 15. Bc3 Bxc3 16. Nxc3 Nb4 17. Nd2 Bc6 18. Bxc6 Nxc6 19. Rxb8 Qxb8 20. Qb3 Qxb3 21. Nxb3 Nc7 22. Ra1 Rb8 23. Rb1 Kg7 1/2-1/2